[Event "5MCR_3DW_1L_2S"]
[Site "ČR"]
[Date "2014.??.??"]
[Round "?"]
[White "Jirku, Jaroslav"]
[Black "Pavlicek, Miroslav"]
[Result "1/2-1/2"]
[WhiteElo "2338"]
[BlackElo "2252"]
[PlyCount "120"]
[EventDate "2013.??.??"]
[EventType "corr"]

1. e4 c5 2. Nf3 Nc6 3. d4 cxd4 4. Nxd4 Nf6 5. Nc3 e5 6. Ndb5 d6 7. Bg5 a6 8.
Na3 b5 9. Bxf6 gxf6 10. Nd5 f5 11. Bd3 Be6 12. O-O Bxd5 13. exd5 Ne7 14. c3 Bg7
15. Qh5 e4 16. Bc2 Qa5 17. Rae1 Rc8 18. Re2 b4 19. cxb4 Qxb4 20. Bb3 a5 21. Nc2
Qb5 22. Ne3 O-O 23. Bd1 Qd7 24. g3 Rb8 25. b3 Bd4 26. Rd2 Bc3 27. Rc2 Bd4 28.
Be2 f6 29. Rfc1 Bxe3 30. fxe3 Rbc8 31. Bc4 Kg7 32. Kh1 Rc5 33. Rg1 Qe8 34. Qd1
h5 35. Rf2 a4 36. Rc2 Qf7 37. Qd4 Rfc8 38. Rf1 Qe8 39. Rcf2 Rb8 40. h3 axb3 41.
axb3 Ra5 42. Rg2 Kf7 43. Qb2 Qd7 44. Be2 Rh8 45. b4 Ra4 46. b5 Qc7 47. b6 Qc5
48. Rc1 Qa5 49. b7 Rb4 50. Qc3 Qb6 51. Qc7 Qxe3 52. Rc3 Qa7 53. b8=Q Qxb8 54.
Qd7 Rb1+ 55. Kh2 Qb2 56. Bxh5+ Rxh5 57. Rxb2 Rxb2+ 58. Kg1 Rb1+ 59. Kf2 Rb2+
60. Kg1 Rb1+ 1/2-1/2

[Event "5MCR_3DW_1L_2S"]
[Site "ČR"]
[Date "2014.??.??"]
[Round "?"]
[White "Sykora, Josef"]
[Black "Jirku, Jaroslav"]
[Result "1-0"]
[WhiteElo "2367"]
[BlackElo "2338"]
[PlyCount "129"]
[EventDate "2013.??.??"]
[EventType "corr"]

1. c4 c5 2. Nf3 Nf6 3. Nc3 d5 4. cxd5 Nxd5 5. g3 Nc6 6. Bg2 Nc7 7. O-O e5 8. d3
Be7 9. Nd2 Bd7 10. Nc4 f6 11. f4 b5 12. Ne3 Rc8 13. a4 b4 14. Nb5 exf4 15. Nc4
fxg3 16. Ncd6+ Bxd6 17. Nxd6+ Kf8 18. Bf4 gxh2+ 19. Bxh2 Rb8 20. e3 h5 21. Qc2
Ne7 22. Qxc5 Rh6 23. Nb7 Rxb7 24. Bxb7 Ne6 25. Qxa7 Be8 26. Be4 Nc6 27. Qa6 Nc5
28. Qc4 Nxe4 29. Qxe4 Rg6+ 30. Kf2 Kg8 31. Qc4+ Kh7 32. Rg1 Qd7 33. Qe4 f5 34.
Qc4 Rg4 35. Rxg4 fxg4 36. Kg1 Na5 37. Qxb4 Qxd3 38. Qc3 Qe2 39. Re1 Qf3 40. Bc7
Nc6 41. a5 Qe4 42. Rc1 Bg6 43. Bf4 Qf3 44. Rf1 Qd5 45. a6 h4 46. Qe1 g3 47. Qe2
Bh5 48. Qg2 Qe6 49. Qh1 h3 50. Bxg3 Qxe3+ 51. Bf2 Qd3 52. Re1 Qxa6 53. Qxh3 Qb5
54. Qh1 Kg8 55. Re6 Ne7 56. Qe4 Ng6 57. Rc6 Qg5+ 58. Kh2 Nf8 59. Rc5 Qf6 60.
Qf5 Be8 61. Qxf6 gxf6 62. Rc7 Ba4 63. b4 Nd7 64. Ra7 Bc6 65. Ra5 1-0

[Event "5MCR_3DW_1L_2S"]
[Site "ČR"]
[Date "2014.??.??"]
[Round "?"]
[White "Jirku, Jaroslav"]
[Black "Jarabinsky, Martin"]
[Result "1/2-1/2"]
[WhiteElo "2338"]
[BlackElo "2227"]
[PlyCount "83"]
[EventDate "2013.??.??"]
[EventType "corr"]

1. e4 c6 2. d4 d5 3. Nc3 dxe4 4. Nxe4 Bf5 5. Ng3 Bg6 6. h4 h6 7. Nf3 Nd7 8. h5
Bh7 9. Bd3 Bxd3 10. Qxd3 e6 11. Bf4 Qa5+ 12. Bd2 Qc7 13. O-O-O Ngf6 14. Qe2 Be7
15. Ne5 Rd8 16. Kb1 c5 17. Rde1 O-O 18. Ng6 Rfe8 19. Nxe7+ Rxe7 20. Rh4 Qb6 21.
dxc5 Nxc5 22. Bc3 Red7 23. Rc4 Rd5 24. b3 Qd6 25. Qf3 b5 26. Rf4 Ncd7 27. Ne4
Nxe4 28. Rfxe4 Rf5 29. Qe3 Rc8 30. g4 Rd5 31. Bb2 Nf6 32. Rf4 Qd8 33. Rc1 a5
34. c4 bxc4 35. Rfxc4 Rxc4 36. Rxc4 Rd1+ 37. Bc1 Rd6 38. Qc5 Rd1 39. Qc8 Qxc8
40. Rxc8+ Kh7 41. f3 Rf1 42. Rf8 1/2-1/2

[Event "5MCR_3DW_1L_2S"]
[Site "ČR"]
[Date "2014.??.??"]
[Round "?"]
[White "Cernovsky, Karel"]
[Black "Jarabinsky, Martin"]
[Result "1/2-1/2"]
[WhiteElo "2344"]
[BlackElo "2227"]
[PlyCount "93"]
[EventDate "2013.??.??"]
[EventType "corr"]

1. e4 c6 2. d4 d5 3. e5 Bf5 4. Nf3 e6 5. Be2 Ne7 6. O-O Nd7 7. Nbd2 h6 8. Nb3
Bg6 9. Nh4 Be4 10. Bd3 g5 11. Nf3 Bxd3 12. Qxd3 Qc7 13. a4 Nf5 14. a5 c5 15.
Nxc5 Bxc5 16. dxc5 Nxc5 17. Qd1 Nd7 18. Re1 a6 19. b3 Rc8 20. Bb2 O-O 21. Re2
Rfe8 22. h4 gxh4 23. Ra4 Qd8 24. Rg4+ Kh7 25. Nd4 Rg8 26. Rxg8 Qxg8 27. Nxf5
exf5 28. Qxd5 Nc5 29. e6 Nxe6 30. Qxf5+ Qg6 31. Qxg6+ Kxg6 32. Rd2 Rc5 33. b4
Rc7 34. c3 f6 35. Rd6 Kf5 36. Kh2 h5 37. Rd5+ Kg6 38. Rd6 Kf5 39. f3 Nf4 40.
Bc1 Ne2 41. Bd2 Nxc3 42. Bxc3 Rxc3 43. Rd7 Rc6 44. Rxb7 Rc4 45. Rb6 Kg6 46.
Rxa6 Rxb4 47. Ra8 1/2-1/2

[Event "5MCR_3DW_1L_2S"]
[Site "ČR"]
[Date "2014.??.??"]
[Round "?"]
[White "Nedoma, Petr"]
[Black "Sykora, Josef"]
[Result "0-1"]
[WhiteElo "2415"]
[BlackElo "2367"]
[PlyCount "138"]
[EventDate "2013.??.??"]
[EventType "corr"]

1. d4 d5 2. c4 c6 3. Nf3 Nf6 4. Nc3 e6 5. Bg5 Nbd7 6. Qb3 Be7 7. e3 O-O 8. Bd3
b6 9. O-O Bb7 10. Rfd1 dxc4 11. Bxc4 Nd5 12. Ne4 Bxg5 13. Nexg5 h6 14. Ne4 Qe7
15. Ng3 Rfd8 16. e4 Nf4 17. Qe3 Ng6 18. e5 c5 19. d5 exd5 20. Bxd5 Bxd5 21.
Rxd5 Re8 22. Re1 Rad8 23. Qb3 Ndf8 24. Nf5 Qe6 25. Nd6 Re7 26. Qd1 Red7 27. Rd2
Qxa2 28. b4 Qa3 29. bxc5 bxc5 30. Qb1 Qa5 31. Red1 Qb6 32. Qe4 a5 33. Rb1 Qa6
34. Rbd1 Rb8 35. h4 Rb4 36. Qc2 Qc6 37. Nd4 Qb6 38. Nf3 Nxh4 39. Nxh4 Rxh4 40.
Rd5 Rd4 41. R1xd4 cxd4 42. Qd1 Ng6 43. Qc2 Rc7 44. Nc4 Rc8 45. Nxb6 Rxc2 46. g3
d3 47. Rxd3 Nxe5 48. Rd8+ Kh7 49. Nd7 Nxd7 50. Rxd7 f6 51. Ra7 Ra2 52. Kg2 h5
53. Ra6 Kg6 54. Ra7 a4 55. Kf3 a3 56. Ra6 Kf5 57. Ra5+ Ke6 58. Rxh5 g5 59. Rh8
Rc2 60. Ra8 a2 61. Ra5 Kd6 62. Ke3 Kc6 63. f4 Kb6 64. Ra8 Kc5 65. Kd3 Rf2 66.
fxg5 fxg5 67. Ke3 Rh2 68. Kf3 Kb4 69. Kg4 Rg2 0-1

[Event "5MCR_3DW_1L_2S"]
[Site "ČR"]
[Date "2014.??.??"]
[Round "?"]
[White "Pavlicek, Miroslav"]
[Black "Jirku, Jaroslav"]
[Result "0-1"]
[WhiteElo "2252"]
[BlackElo "2338"]
[PlyCount "128"]
[EventDate "2013.??.??"]
[EventType "corr"]

1. e4 c5 2. Nf3 d6 3. d4 cxd4 4. Nxd4 Nf6 5. Nc3 a6 6. Be2 e5 7. Nb3 Be7 8. Bg5
Be6 9. Bxf6 Bxf6 10. Qd3 Nc6 11. O-O-O Be7 12. Kb1 O-O 13. Nd5 a5 14. c3 Bxd5
15. Qxd5 a4 16. Nd2 Ra5 17. Qd3 d5 18. exd5 Rxd5 19. Qc2 a3 20. Bf3 Rd7 21. b3
Rc7 22. Nc4 Qb8 23. Be4 b5 24. Ne3 Kh8 25. Qd3 b4 26. Nd5 Ra7 27. c4 g6 28. g4
Nd4 29. Rhe1 f5 30. gxf5 gxf5 31. Bh1 Bc5 32. Qe3 Re8 33. f4 Rf7 34. Rd2 Ba7
35. Red1 exf4 36. Qxf4 Qxf4 37. Nxf4 Rfe7 38. Bd5 Re1 39. h4 Kg7 40. Bg2 Kh6
41. Bf1 Bc5 42. Ng2 Rxd1+ 43. Rxd1 Kh5 44. Nf4+ Kxh4 45. Nd3 Bf8 46. Nxb4 Bxb4
47. Rxd4+ Kg3 48. Kc2 Re1 49. c5 Bxc5 50. Rd3+ Kf2 51. Rd5 Kxf1 52. Rxc5 Re2+
53. Kc3 f4 54. Rf5 Rf2 55. b4 f3 56. Rf7 h5 57. b5 Kg2 58. Rg7+ Kh3 59. Rf7 Kg3
60. Rg7+ Kh2 61. Rf7 Rxa2 62. Kb3 Rb2+ 63. Kxa3 Rxb5 64. Rxf3 h4 0-1

[Event "5MCR_3DW_1L_2S"]
[Site "ČR"]
[Date "2014.??.??"]
[Round "?"]
[White "Cernovsky, Karel"]
[Black "Nedoma, Petr"]
[Result "1-0"]
[WhiteElo "2344"]
[BlackElo "2415"]
[PlyCount "103"]
[EventDate "2013.??.??"]
[EventType "corr"]

1. e4 e5 2. Nf3 Nc6 3. Bb5 a6 4. Ba4 Nf6 5. O-O Be7 6. Re1 b5 7. Bb3 O-O 8. Nc3
d6 9. Nd5 Bg4 10. c3 Na5 11. Ne3 Nxb3 12. axb3 Be6 13. Nf1 c5 14. h3 Qc7 15. d4
exd4 16. cxd4 d5 17. e5 Ne4 18. dxc5 Bxc5 19. Be3 Be7 20. Qd3 Rfc8 21. Rac1 Qb7
22. Nd4 Rxc1 23. Rxc1 Rc8 24. Rxc8+ Qxc8 25. f3 Nc5 26. Qc3 Bd7 27. Ng3 Ne6 28.
Qxc8+ Bxc8 29. Nc6 Bf8 30. Nf5 Bb7 31. Ncd4 Nxd4 32. Bxd4 Bb4 33. Kf2 g6 34.
Ne3 Kf8 35. Nc2 Be7 36. b4 Ke8 37. Bc3 Bg5 38. g4 Bc8 39. Kg3 Kd7 40. f4 Be7
41. f5 Bf8 42. Kf4 Ke8 43. f6 Bh6+ 44. g5 Bf8 45. h4 Bf5 46. Nd4 Bc8 47. Ke3
Bf5 48. Nxf5 gxf5 49. Kf4 Kd8 50. Kxf5 Kd7 51. h5 d4 52. Bxd4 1-0

[Event "5MCR_3DW_1L_2S"]
[Site "ČR"]
[Date "2014.??.??"]
[Round "?"]
[White "Nedoma, Petr"]
[Black "Jirku, Jaroslav"]
[Result "1/2-1/2"]
[WhiteElo "2415"]
[BlackElo "2338"]
[PlyCount "91"]
[EventDate "2013.??.??"]
[EventType "corr"]

1. d4 d5 2. c4 e6 3. Nf3 Nf6 4. e3 Be7 5. Nc3 O-O 6. Qc2 c5 7. dxc5 Bxc5 8. Be2
dxc4 9. O-O Nbd7 10. Rd1 Qe7 11. Bxc4 b6 12. Qe2 Bb7 13. e4 Rfd8 14. a3 Ng4 15.
Bg5 f6 16. Bh4 Nge5 17. Ba2 a5 18. Nd4 Ba6 19. Ndb5 Rac8 20. Qc2 Nf8 21. Rxd8
Qxd8 22. Rd1 Qe8 23. Qb3 Bxb5 24. Nxb5 Qg6 25. Bg3 Qxe4 26. Kf1 Qb7 27. Re1 Kh8
28. Qd1 Qe7 29. Qe2 Rd8 30. f4 Nc6 31. Bxe6 Nxe6 32. Qxe6 Qxe6 33. Rxe6 Nd4 34.
Nxd4 Bxd4 35. Re2 Bc5 36. Bf2 Bxf2 37. Kxf2 Kg8 38. Ke3 Rd5 39. Rc2 Rb5 40. Kd4
Kf7 41. Rc7+ Kg6 42. Kc3 Rh5 43. h3 Rf5 44. g3 h5 45. Rc4 Rd5 46. Rd4 1/2-1/2

[Event "5MCR_3DW_1L_2S"]
[Site "ČR"]
[Date "2014.??.??"]
[Round "?"]
[White "Jarabinsky, Martin"]
[Black "Pravec, Ladislav"]
[Result "1/2-1/2"]
[WhiteElo "2227"]
[BlackElo "2343"]
[PlyCount "124"]
[EventDate "2013.??.??"]
[EventType "corr"]

1. d4 Nf6 2. c4 e6 3. Nf3 b6 4. g3 Ba6 5. b3 Bb4+ 6. Bd2 Be7 7. Bg2 c6 8. O-O
d5 9. Ne5 Nfd7 10. Nf3 dxc4 11. Re1 O-O 12. Bf4 cxb3 13. Qxb3 Nf6 14. Nc3 Nd5
15. Bd2 Nd7 16. a4 Rc8 17. e3 Nxc3 18. Bxc3 c5 19. Qb2 Bf6 20. Nd2 cxd4 21.
exd4 Re8 22. a5 Bd3 23. Nf3 b5 24. Ne5 Qc7 25. Nc6 Bc4 26. a6 Nb8 27. Ne5 Bxe5
28. dxe5 Nc6 29. Rad1 Qb6 30. Rd6 Qxa6 31. Be4 Rc7 32. Red1 Qc8 33. Qd2 Bb3 34.
Rb1 Ba4 35. Qb2 h6 36. Re1 Ne7 37. Ba5 Rc4 38. Bd3 Rc5 39. Bb4 Rc6 40. Be4 Nd5
41. Ba5 Rc4 42. Bxd5 exd5 43. Qd2 b4 44. Bxb4 Qf5 45. Bc3 Rec8 46. Ba5 Bc6 47.
e6 fxe6 48. Qe3 Re4 49. Qxa7 Rxe1+ 50. Bxe1 Bb5 51. Qe3 d4 52. Qxe6+ Qxe6 53.
Rxe6 Rc1 54. Kg2 Kf7 55. Rb6 Bc6+ 56. f3 Rc2+ 57. Kf1 Bxf3 58. Rd6 d3 59. Bb4
Bc6 60. Ba5 h5 61. h3 Bf3 62. Bb4 Bc6 1/2-1/2

[Event "5MCR_3DW_1L_2S"]
[Site "ČR"]
[Date "2014.??.??"]
[Round "?"]
[White "Pavlicek, Miroslav"]
[Black "Cernovsky, Karel"]
[Result "0-1"]
[WhiteElo "2252"]
[BlackElo "2344"]
[PlyCount "134"]
[EventDate "2013.??.??"]
[EventType "corr"]

1. e4 e5 2. Nf3 Nc6 3. Bb5 a6 4. Ba4 Nf6 5. O-O Be7 6. Re1 b5 7. Bb3 d6 8. c3
O-O 9. d4 Bg4 10. Be3 exd4 11. cxd4 d5 12. e5 Ne4 13. Nc3 Nxc3 14. bxc3 Qd7 15.
Bc2 Rfb8 16. Qd3 g6 17. Bh6 Bf5 18. Qe2 Bxc2 19. Qxc2 Nd8 20. Be3 Ne6 21. h3 b4
22. Rec1 bxc3 23. Qxc3 Qa4 24. Qc6 Qxc6 25. Rxc6 Rb4 26. Rac1 Ra4 27. R1c2 Rb8
28. g3 Rb1+ 29. Kg2 Kf8 30. Re2 g5 31. Rc3 Ke8 32. Rb3 Rxb3 33. axb3 Ra3 34.
Rb2 Kd7 35. Rb1 a5 36. Kf1 f5 37. exf6 Bxf6 38. Ke2 Kc8 39. Bc1 Ra2+ 40. Rb2
Ra1 41. Be3 Kb7 42. Rd2 h5 43. h4 gxh4 44. Nxh4 Bxh4 45. gxh4 Rh1 46. Bg5 Rg1
47. Bf6 Rb1 48. Be5 Rxb3 49. f4 a4 50. f5 Nd8 51. Rc2 c6 52. Kd2 Nf7 53. Rc1 a3
54. f6 Rb2+ 55. Kc3 c5 56. Ra1 Re2 57. Rxa3 Nxe5 58. dxe5 Rxe5 59. Ra5 Kc6 60.
Ra6+ Kb5 61. f7 Rf5 62. Ra7 Kb6 63. Re7 Kc6 64. Kd3 Kd6 65. Rb7 Ke6 66. Rb5 c4+
67. Ke3 Rxf7 0-1

[Event "5MCR_3DW_1L_2S"]
[Site "ČR"]
[Date "2014.??.??"]
[Round "?"]
[White "Jirku, Jaroslav"]
[Black "Nedoma, Petr"]
[Result "1-0"]
[WhiteElo "2338"]
[BlackElo "2415"]
[PlyCount "123"]
[EventDate "2013.??.??"]
[EventType "corr"]

1. e4 e5 2. Nf3 Nc6 3. Bb5 a6 4. Ba4 Nf6 5. O-O Be7 6. Re1 b5 7. Bb3 O-O 8. c3
d6 9. h3 Na5 10. Bc2 c5 11. d4 Qc7 12. Nbd2 cxd4 13. cxd4 Bb7 14. d5 Rac8 15.
Bb1 Rfe8 16. Nf1 Nc4 17. b3 Nb6 18. Bd2 g6 19. Ng3 Kg7 20. Ba5 Nfd7 21. Bd3 Bd8
22. h4 h5 23. a4 bxa4 24. Rxa4 Nc5 25. Rb4 Ncd7 26. Qe2 Qb8 27. Ng5 Rf8 28.
Nxh5+ gxh5 29. Bxb6 Bxb6 30. Rxb6 Nxb6 31. Qxh5 Kf6 32. Nxf7 Ke7 33. Ng5 Nd7
34. Qh7+ Ke8 35. Qg6+ Kd8 36. Qg7 Ke8 37. h5 Nf6 38. h6 Rc7 39. Qg6+ Kd8 40. h7
Rxh7 41. Nxh7 Nxh7 42. Qxh7 Qc7 43. Qh6 Rf4 44. Be2 Qb6 45. Qh8+ Kd7 46. Qh7+
Kc8 47. Qg8+ Kd7 48. Bg4+ Rxg4 49. Qxg4+ Kc7 50. Rc1+ Kb8 51. Qd7 Qb4 52. Rc7
Qxb3 53. Rxb7+ Qxb7 54. Qxb7+ Kxb7 55. Kf1 a5 56. Ke2 a4 57. Kd3 a3 58. Kc3 a2
59. Kb2 a1=R 60. Kxa1 Kb6 61. Kb2 Kc7 62. Kc3 1-0

[Event "5MCR_3DW_1L_2S"]
[Site "ČR"]
[Date "2014.??.??"]
[Round "?"]
[White "Jarabinsky, Martin"]
[Black "Nedoma, Petr"]
[Result "1-0"]
[WhiteElo "2227"]
[BlackElo "2415"]
[PlyCount "109"]
[EventDate "2013.??.??"]
[EventType "corr"]

1. d4 d5 2. Nf3 Nf6 3. c4 c6 4. e3 e6 5. Nc3 Nbd7 6. Qc2 b6 7. Bd3 Bb7 8. O-O
Bd6 9. e4 dxe4 10. Nxe4 Nxe4 11. Bxe4 h6 12. Re1 O-O 13. Ne5 Nxe5 14. dxe5 Bxe5
15. Bh7+ Kh8 16. Rxe5 f5 17. Bxh6 Kxh7 18. Bf4 Qd4 19. g3 Ba6 20. Rc1 Rfe8 21.
b3 Rad8 22. Rce1 Qd7 23. Bg5 Qd3 24. Qxd3 Rxd3 25. Rxe6 Rxe6 26. Rxe6 Bc8 27.
Re7 Rd7 28. Re8 Ba6 29. Kg2 Kg6 30. h4 Kf7 31. Rb8 c5 32. f3 Bb7 33. Kf2 Kg6
34. Be3 Kf7 35. a4 Bc6 36. a5 Rb7 37. Rh8 bxa5 38. Rc8 a4 39. Rxc6 axb3 40. Bc1
b2 41. Bxb2 Rxb2+ 42. Ke3 Rb3+ 43. Kf4 Rc3 44. Rxc5 Kg8 45. h5 Kh7 46. g4 fxg4
47. fxg4 Rc1 48. Kg5 Rh1 49. Ra5 Rc1 50. c5 Rc2 51. Kf5 Rc1 52. Ke6 Kg8 53. Kd7
Rd1+ 54. Kc8 Rd4 55. c6 1-0

[Event "5MCR_3DW_1L_3S"]
[Site "ČR"]
[Date "2013.??.??"]
[Round "?"]
[White "Vodicka, Milan"]
[Black "Glaser, Karel"]
[Result "1/2-1/2"]
[WhiteElo "2245"]
[BlackElo "2260"]
[PlyCount "55"]
[EventDate "2013.??.??"]
[EventType "corr"]

1. Nf3 d5 2. g3 Nf6 3. Bg2 e6 4. d4 Be7 5. O-O O-O 6. c4 dxc4 7. Ne5 Nc6 8.
Bxc6 bxc6 9. Nxc6 Qe8 10. Nxe7+ Qxe7 11. Qa4 e5 12. dxe5 Qxe5 13. Qxc4 Be6 14.
Qd3 Rad8 15. Qe3 Qh5 16. f3 Bc4 17. Nc3 Rfe8 18. Qf2 Nd5 19. Re1 Nxc3 20. bxc3
h6 21. Rb1 Qa5 22. e4 Rd3 23. Rb7 Red8 24. Rxa7 Qxc3 25. Ra3 Qb4 26. Rxd3 Rxd3
27. Kg2 Bxa2 28. Be3 1/2-1/2

[Event "5MCR_3DW_1L_3S"]
[Site "ČR"]
[Date "2013.??.??"]
[Round "?"]
[White "Vodicka, Milan"]
[Black "Cvak, Rudolf"]
[Result "1/2-1/2"]
[WhiteElo "2245"]
[BlackElo "2248"]
[PlyCount "62"]
[EventDate "2013.??.??"]
[EventType "corr"]

1. d4 d5 2. c4 c6 3. Nf3 Nf6 4. e3 a6 5. Nc3 b5 6. b3 Bg4 7. h3 Bxf3 8. Qxf3 e5
9. dxe5 Bb4 10. Bd2 Bxc3 11. Bxc3 Ne4 12. Bb4 bxc4 13. bxc4 Qb6 14. a3 a5 15.
cxd5 cxd5 16. Bd2 Nd7 17. Qd1 O-O 18. Be2 Qb2 19. Qc1 Qxe5 20. O-O Ndc5 21. Rb1
Na4 22. Rb7 Rfc8 23. Qe1 Nac3 24. Bf3 h6 25. Bxc3 Rxc3 26. Bxe4 dxe4 27. a4
Rac8 28. Qd2 Rd3 29. Qa2 Rd5 30. Re7 Qxe7 31. Qxd5 Qb4 1/2-1/2

[Event "5MCR_3DW_1L_3S"]
[Site "ČR"]
[Date "2013.??.??"]
[Round "?"]
[White "Cvak, Rudolf"]
[Black "Vodicka, Milan"]
[Result "1/2-1/2"]
[WhiteElo "2248"]
[BlackElo "2245"]
[PlyCount "99"]
[EventDate "2013.??.??"]
[EventType "corr"]

1. e4 c5 2. Nf3 d6 3. d4 cxd4 4. Nxd4 Nf6 5. Nc3 a6 6. Be3 e5 7. Nb3 Be6 8. Qd2
Nbd7 9. f3 b5 10. g4 Nb6 11. g5 Nfd7 12. h4 Nc4 13. Bxc4 bxc4 14. Nc1 Rb8 15.
b3 Be7 16. N1e2 Qc8 17. h5 O-O 18. Rd1 cxb3 19. cxb3 Qc7 20. Kf2 Nb6 21. Kg2
Rfc8 22. f4 Bg4 23. Kg3 Bxe2 24. Nxe2 exf4+ 25. Bxf4 Nd7 26. Bxd6 Bxd6+ 27.
Qxd6 Qc2 28. Nd4 Qxe4 29. Nf3 Nf8 30. Rhe1 Qc6 31. Re7 Qxd6+ 32. Rxd6 Rc3 33.
Rxa6 Ne6 34. Kf2 Rc2+ 35. Kf1 Rc3 36. Ne5 Rc1+ 37. Kf2 Nxg5 38. Nc6 Kf8 39.
Rxf7+ Kxf7 40. Nxb8 Rh1 41. Ra7+ Ke6 42. Rxg7 Rxh5 43. Kg2 Ne4 44. Kf3 Nd2+ 45.
Ke3 Nxb3 46. axb3 Rh3+ 47. Kf4 Rxb3 48. Nc6 Kd5 49. Ne7+ Ke6 50. Rxh7 1/2-1/2

[Event "5MCR_3DW_1L_3S"]
[Site "ČR"]
[Date "2013.??.??"]
[Round "?"]
[White "Portych, Vaclav"]
[Black "Vodicka, Milan"]
[Result "1/2-1/2"]
[WhiteElo "2187"]
[BlackElo "2245"]
[PlyCount "38"]
[EventDate "2013.??.??"]
[EventType "corr"]

1. c4 e5 2. Nc3 Nc6 3. Nf3 Nf6 4. g3 Bb4 5. Nd5 Bc5 6. Bg2 O-O 7. O-O d6 8. e3
Bb6 9. d4 Bg4 10. h3 Bxf3 11. Qxf3 exd4 12. Nxf6+ Qxf6 13. Qxf6 gxf6 14. exd4
Bxd4 15. Rb1 Rfe8 16. Rd1 Bc5 17. Bxc6 bxc6 18. b4 Bb6 19. Ba3 Rab8 1/2-1/2

[Event "5MCR_3DW_1L_3S"]
[Site "ČR"]
[Date "2013.??.??"]
[Round "?"]
[White "Portych, Vaclav"]
[Black "Glaser, Karel"]
[Result "1/2-1/2"]
[WhiteElo "2187"]
[BlackElo "2260"]
[PlyCount "41"]
[EventDate "2013.??.??"]
[EventType "corr"]

1. c4 Nf6 2. Nc3 e5 3. Nf3 Nc6 4. g3 Bc5 5. Bg2 d6 6. O-O O-O 7. d3 h6 8. Bd2
Be6 9. a3 a6 10. b4 Ba7 11. Rc1 Rb8 12. e3 Qd7 13. Qc2 Rfd8 14. Rfe1 Rdc8 15.
Ne4 Nxe4 16. dxe4 Ne7 17. a4 Ng6 18. Red1 Bg4 19. a5 Qe6 20. Be1 Re8 21. Qd3
1/2-1/2

[Event "5MCR_3DW_1L_3S"]
[Site "ČR"]
[Date "2013.??.??"]
[Round "?"]
[White "Bares, Jiri"]
[Black "Glaser, Karel"]
[Result "1-0"]
[WhiteElo "2256"]
[BlackElo "2260"]
[PlyCount "35"]
[EventDate "2013.??.??"]
[EventType "corr"]

1. c4 Nf6 2. d4 e6 3. Nc3 d5 4. Bg5 Be7 5. Nf3 h6 6. Bh4 O-O 7. e3 b6 8. cxd5
Nxd5 9. Bxe7 Qxe7 10. Nxd5 exd5 11. Rc1 Be6 12. Bd3 c5 13. b3 Nd7 14. O-O a5
15. Bb5 Nf6 16. Ne5 Rfd8 17. Nc6 Qc7 18. Nxd8 1-0

[Event "5MCR_3DW_1L_3S"]
[Site "ČR"]
[Date "2013.??.??"]
[Round "?"]
[White "Cvak, Rudolf"]
[Black "Glaser, Karel"]
[Result "1-0"]
[WhiteElo "2248"]
[BlackElo "2260"]
[PlyCount "77"]
[EventDate "2013.??.??"]
[EventType "corr"]

1. e4 e5 2. Nf3 Nc6 3. Bb5 a6 4. Ba4 Nf6 5. O-O Be7 6. Re1 b5 7. Bb3 O-O 8. c3
d6 9. h3 Nb8 10. d4 Nbd7 11. Nbd2 Bb7 12. Bc2 Re8 13. Nf1 Bf8 14. Ng3 g6 15. a4
c5 16. d5 c4 17. Bg5 h6 18. Be3 Qc7 19. Qd2 Kh7 20. Nh2 Bg7 21. Rf1 Rac8 22.
Ng4 Nxg4 23. hxg4 Nc5 24. Kh2 Qd7 25. f3 Rh8 26. axb5 Qxb5 27. f4 exf4 28. Rxf4
Qd7 29. Bd4 Qe7 30. Raf1 Rcf8 31. Qf2 Qh4+ 32. Kg1 Rhg8 33. Qe3 Qe7 34. g5 Qxg5
35. Rxf7 Rxf7 36. Rxf7 Qxe3+ 37. Bxe3 Ba8 38. Nf1 Rb8 39. Nd2 1-0

[Event "5MCR_3DW_1L_3S"]
[Site "ČR"]
[Date "2013.??.??"]
[Round "?"]
[White "Cvak, Rudolf"]
[Black "Schwarz, Jan"]
[Result "1/2-1/2"]
[WhiteElo "2248"]
[BlackElo "2289"]
[PlyCount "63"]
[EventDate "2013.??.??"]
[EventType "corr"]

1. e4 c5 2. Nf3 d6 3. d4 cxd4 4. Nxd4 Nf6 5. Nc3 a6 6. Bg5 Nbd7 7. Bc4 Qa5 8.
Qd2 e6 9. a3 h6 10. Be3 b5 11. Bb3 Qc7 12. f3 Ne5 13. O-O Rb8 14. Bf2 Be7 15.
a4 b4 16. Nd1 O-O 17. Ne3 Bd7 18. Rfd1 Rfc8 19. Qe1 Qb7 20. Rac1 Rc5 21. Ne2
Ra5 22. Nf4 Re8 23. Ra1 Rc5 24. Nd3 Nxd3 25. Rxd3 a5 26. Rad1 Rec8 27. R3d2 Qc7
28. Bg3 Rc6 29. Bh4 Be8 30. Rd4 g5 31. Bf2 Kf8 32. Kh1 1/2-1/2

[Event "5MCR_3DW_1L_3S"]
[Site "ČR"]
[Date "2013.??.??"]
[Round "?"]
[White "Cvak, Rudolf"]
[Black "Valak, Alois"]
[Result "1/2-1/2"]
[WhiteElo "2248"]
[BlackElo "2346"]
[PlyCount "61"]
[EventDate "2013.??.??"]
[EventType "corr"]

1. e4 e5 2. Nf3 Nc6 3. Bb5 a6 4. Ba4 Nf6 5. O-O Be7 6. Re1 b5 7. Bb3 d6 8. c3
O-O 9. h3 Re8 10. d4 Bb7 11. Nbd2 Bf8 12. a4 h6 13. Bc2 exd4 14. cxd4 Nb4 15.
Bb1 c5 16. d5 Nd7 17. Ra3 f5 18. exf5 Rxe1+ 19. Nxe1 Bxd5 20. axb5 axb5 21. Ne4
Qe8 22. Re3 Qf7 23. f6 Nxf6 24. Nxf6+ Qxf6 25. Nc2 Bf7 26. Nxb4 cxb4 27. Rf3
Qe6 28. Be3 d5 29. Bd3 Qc6 30. Bb1 Qe6 31. Bc2 1/2-1/2

[Event "5MCR_3DW_1L_3S"]
[Site "ČR"]
[Date "2013.??.??"]
[Round "?"]
[White "Alexa, Jaroslav"]
[Black "Vodicka, Milan"]
[Result "1/2-1/2"]
[WhiteElo "2340"]
[BlackElo "2245"]
[PlyCount "75"]
[EventDate "2013.??.??"]
[EventType "corr"]

1. d4 d5 2. c4 c6 3. Nf3 Nf6 4. Nc3 e6 5. Bg5 h6 6. Bh4 dxc4 7. e4 g5 8. Bg3 b5
9. Be2 Bb7 10. O-O Nbd7 11. Ne5 Be7 12. f4 O-O 13. Bh5 Nxe5 14. fxe5 Ne8 15.
Qf3 f5 16. exf5 Rxf5 17. Qe3 Ng7 18. Bg6 b4 19. Ne4 Qd5 20. Nc5 Bxc5 21. dxc5
Rxf1+ 22. Rxf1 Nf5 23. Bxf5 exf5 24. Rxf5 Qd3 25. Rf3 Qxe3+ 26. Rxe3 Re8 27.
Re4 Ba6 28. Be1 b3 29. axb3 cxb3 30. Bc3 Bb5 31. Rb4 Rd8 32. Rxb3 Rd5 33. h4
Kf7 34. Rb4 Rxc5 35. hxg5 hxg5 36. Rg4 Kg6 37. e6 Rf5 38. Re4 1/2-1/2

[Event "5MCR_3DW_1L_3S"]
[Site "ČR"]
[Date "2013.??.??"]
[Round "?"]
[White "Vodicka, Milan"]
[Black "Bares, Jiri"]
[Result "1/2-1/2"]
[WhiteElo "2245"]
[BlackElo "2256"]
[PlyCount "55"]
[EventDate "2013.??.??"]
[EventType "corr"]

1. d4 d5 2. c4 e6 3. Nc3 Nf6 4. Nf3 Be7 5. Bf4 O-O 6. e3 Nbd7 7. c5 Nh5 8. Bd3
Nxf4 9. exf4 b6 10. b4 a5 11. a3 c6 12. O-O Qc7 13. g3 Ba6 14. Bxa6 Rxa6 15.
Qe2 Ra7 16. Rfc1 g6 17. Kg2 b5 18. Ra2 Rfa8 19. Rca1 Bf6 20. Qb2 Qb7 21. Ne2 h5
22. Nc1 axb4 23. axb4 Rxa2 24. Rxa2 Ra4 25. Ne2 Qa8 26. Nc3 Rxa2 27. Nxa2 Kg7
28. Nc3 1/2-1/2

[Event "5MCR_3DW_1L_3S"]
[Site "ČR"]
[Date "2013.??.??"]
[Round "?"]
[White "Glaser, Karel"]
[Black "Bares, Jiri"]
[Result "1/2-1/2"]
[WhiteElo "2260"]
[BlackElo "2256"]
[PlyCount "59"]
[EventDate "2013.??.??"]
[EventType "corr"]

1. e4 c5 2. Nf3 d6 3. d4 cxd4 4. Nxd4 Nf6 5. Nc3 a6 6. Be2 e5 7. Nb3 Be7 8. O-O
O-O 9. Be3 Be6 10. Qd3 Nc6 11. a3 d5 12. exd5 Nxd5 13. Nxd5 Qxd5 14. Rad1 Qxd3
15. Bxd3 f5 16. Nc5 Bxc5 17. Bxc5 Rfd8 18. Bb6 Rd7 19. Bc4 Re7 20. Bxe6+ Rxe6
21. Rd7 Re7 22. Rfd1 Rae8 23. R7d5 Re6 24. Rd7 R6e7 25. R7d5 Re6 26. Bc5 b6 27.
Bd6 Kf7 28. Bb4 Nxb4 29. axb4 Kf6 30. Ra1 1/2-1/2

[Event "5MCR_3DW_1L_3S"]
[Site "ČR"]
[Date "2013.??.??"]
[Round "?"]
[White "Glaser, Karel"]
[Black "Cvak, Rudolf"]
[Result "1/2-1/2"]
[WhiteElo "2260"]
[BlackElo "2248"]
[PlyCount "98"]
[EventDate "2013.??.??"]
[EventType "corr"]

1. e4 c5 2. Nf3 d6 3. d4 cxd4 4. Nxd4 Nf6 5. Nc3 a6 6. Be2 e5 7. Nb3 Be7 8. O-O
O-O 9. Be3 Be6 10. Qd3 Nc6 11. a3 Rc8 12. Nd5 Bxd5 13. exd5 e4 14. Qd2 Ne5 15.
Rac1 Re8 16. c4 Nfd7 17. Rc2 Bh4 18. Rd1 b6 19. Nd4 Qf6 20. Rc3 Qg6 21. Bf4 Nc5
22. Bxe5 Rxe5 23. Qc2 e3 24. Rxe3 Rxe3 25. fxe3 Bg5 26. Nf5 Qf6 27. b4 Nd7 28.
Kh1 g6 29. Ng3 Bxe3 30. Bg4 Rd8 31. Rf1 Qh4 32. Bxd7 Rxd7 33. Qe4 Qxe4 34. Nxe4
Bd4 35. Rd1 Be5 36. c5 dxc5 37. bxc5 bxc5 38. Nxc5 Rc7 39. Nxa6 Rc3 40. g3 Bd6
41. Ra1 Bxa3 42. Nb8 Rd3 43. Nd7 Bb2 44. Ra5 Kg7 45. Nb6 Rd1+ 46. Kg2 Rd2+ 47.
Kh1 Bf6 48. Nc4 Rd4 49. Nd6 Be5 1/2-1/2